Musiker - ins Deutsche übersetzt 2 - Statistiken

Allgemein
  • Dieses Quiz wurde 3.194 mal gespielt
  • Das Durchschnittsergebnis liegt bei 8 aus 20
Antwortstatistiken
Hint Antwort % Korrekt
Der Wer The Who
96%
Johann Bargeld Johnny Cash
80%
Kaltspiel Coldplay
78%
Schwarzrosa Blackpink
75%
Die Käfer The Beatles
62%
Perle Marmelade Pearl Jam
61%
Herbst Aus Junge Fall Out Boy
54%
Kürbisse zertrümmern Smashing Pumpkins
42%
Saft Welt Juice WRLD
38%
Schnelle Augen Bewegungen (Abkürzung) R.E.M.
34%
Niklas Höhle und die schlechten Samen Nick Cave and the Bad Seeds
29%
Lauf die Juwelen Run the Jewels
29%
Tod Griffe Death Grips
21%
Fünf Cent Rücken Nickelback
18%
Die launischen Blauen The Moody Blues
17%
Hinkender Keks Limp Bizkit
15%
Stählender Daniel Steely Dan
13%
Gerechter Holz-See Justin Timberlake
8%
Schwerer Angriff Massive Attack
8%
Viel Glück dir! Schwarzer Kaiser Godspeed you! Black Emperor
3%
Keine übereinstimmenden Quizze gefunden
Verteilung der Resultate
Anzahl Personen mit jedem Resultat
Perzentil nach korrekt beantworteten Fragen
Ihre Resultats-Entwicklung
Sie haben dieses Quiz noch nicht gespielt